Joëlle Salomon Cavin and Céline Granjou (eds), Quand l’écologie s’urbanise (notice n° 1728974)

détails MARC
000 -LEADER
fixed length control field 01454cam a2200157 4500500
005 - DATE AND TIME OF LATEST TRANSACTION
control field 20260322003056.0
041 ## - LANGUAGE CODE
Language code of text/sound track or separate title fre
042 ## - AUTHENTICATION CODE
Authentication code dc
100 10 - MAIN ENTRY--PERSONAL NAME
Personal name Arnould, Paul
Relator term author
245 00 - TITLE STATEMENT
Title Joëlle Salomon Cavin and Céline Granjou (eds), Quand l’écologie s’urbanise
260 ## - PUBLICATION, DISTRIBUTION, ETC.
Date of publication, distribution, etc. 2023.<br/>
500 ## - GENERAL NOTE
General note 80
520 ## - SUMMARY, ETC.
Summary, etc. ‪Serguei Tchakhotin’s major work is regularly republished and cited in academic bibliographies. Even if his approach is contested, deemed too biological or exaggerating the power of persuasion of the media, the thesis he defends is nonetheless a milestone. In this book, he offers a panorama combining the possible contribution of I. Pavlov’s work on the conditioning of the brain and the manipulation of impulses, a historical presentation of the totalitarian propaganda of the 1930s, and an analysis of his personal political commitments in the service of socialism. and against Nazism. The purpose of our article is to expose the tumultuous life of this atypical researcher, crossing biological sciences and historical and political sciences, to present in detail his main demonstrations, while returning to the critical reception of the second edition, largely revised and expanded in the early 1950s.‪
786 0# - DATA SOURCE ENTRY
Note Questions de communication | o 42 | 2 | 2023-03-13 | p. 556-558 | 1633-5961
856 41 - ELECTRONIC LOCATION AND ACCESS
Uniform Resource Identifier <a href="https://shs.cairn.info/journal-questions-de-communication-2022-2-page-556?lang=en&redirect-ssocas=7080">https://shs.cairn.info/journal-questions-de-communication-2022-2-page-556?lang=en&redirect-ssocas=7080</a>

Pas d'exemplaire disponible.

PLUDOC

PLUDOC est la plateforme unique et centralisée de gestion des bibliothèques physiques et numériques de Guinée administré par le CEDUST. Elle est la plus grande base de données de ressources documentaires pour les Étudiants, Enseignants chercheurs et Chercheurs de Guinée.

Adresse

627 919 101/664 919 101

25 boulevard du commerce
Kaloum, Conakry, Guinée

Réseaux sociaux

Powered by Netsen Group @ 2025